Молодежь и XXI век (Запись № 5784)
[ простой вид ]
| 000 -МАРКЕР | |
|---|---|
| контрольное поле | 01850nam1a2200337 i 4500 |
| 001 - ИДЕНТИФИКАТОР ЗАПИСИ | |
| контрольное поле | RU\NLR\bibl\610775 |
| 005 - ИДЕНТИФИКАТОР ВЕРСИИ | |
| контрольное поле | 20260407105343.0 |
| 035 ## - ДРУГИЕ СИСТЕМНЫЕ НОМЕРА | |
| Идентификатор записи | (NLR Aleph) 000602672 |
| 100 ## - ДАННЫЕ ОБЩЕЙ ОБРАБОТКИ | |
| Данные общей обработки | 20050216d2004 k y0rusy50 ca |
| 101 0# - ЯЗЫК РЕСУРСА | |
| Язык текста, звукозаписи и т.д. | русский |
| 102 ## - СТРАНА ПУБЛИКАЦИИ ИЛИ ПРОИЗВОДСТВА | |
| Страна публикации | Российская Федерация |
| 105 ## - ПОЛЕ КОДИРОВАННЫХ ДАННЫХ: ТЕКСТОВЫЕ МАТЕРИАЛЫ, МОНОГРАФИЧЕСКИЕ | |
| Кодированные данные о монографическом текстовом документе | ||||z ||||| |
| 200 1# - ЗАГЛАВИЕ И СВЕДЕНИЯ ОБ ОТВЕТСТВЕННОСТИ | |
| Основное заглавие | Молодежь и XXI век |
| Сведения, относящиеся к заглавию | Тез. докл. XXXII вуз. науч.-техн. конф. студентов и аспирантов в обл. науч. исслед., 17-21 мая 2004 г,. Курск |
| -- | В 2 ч. |
| Первые сведения об ответственности | М-во образования и науки Рос. Федерации, Кур. гос. техн. ун-т |
| Последующие сведения об ответственности | Отв. ред.: д.т.н. С.Г. Емельянов |
| 210 ## - ПУБЛИКАЦИЯ, РАСПРОСТРАНЕНИЕ И ДР. | |
| Место издания, распространения и т.д. | Курск |
| Имя издателя, распространителя и т. д. | Кур. гос. техн. ун-т |
| Дата издания, распространения и т.д. | 2004 |
| 215 ## - ФИЗИЧЕСКАЯ ХАРАКТЕРИСТИКА | |
| Размеры | 21 |
| 463 #0 - УРОВЕНЬ ФИЗИЧЕСКОЙ ЕДИНИЦЫ | |
| Встроенное поле | 001604591 |
| 463 #0 - УРОВЕНЬ ФИЗИЧЕСКОЙ ЕДИНИЦЫ | |
| Встроенное поле | 001789904 |
| 601 02 - НАИМЕНОВАНИЕ ОРГАНИЗАЦИИ КАК ПРЕДМЕТ | |
| Начальный элемент ввода | Курский государственный технический университет |
| Формальный подзаголовок | Тезисы докладов |
| Тематический подзаголовок | Научные конференции |
| Системный номер авторитетной/нормативной записи | 2364579 |
| Идентификатор авторитетной/нормативной записи | RU\NLR\auth\661411760 |
| 606 1# - НАИМЕНОВАНИЕ ТЕМЫ КАК ПРЕДМЕТ | |
| Наименование темы | Техника |
| Формальный подзаголовок | Тезисы докладов |
| Системный номер авторитетной/нормативной записи | 1247040 |
| Идентификатор авторитетной/нормативной записи | RU\NLR\auth\66510030 |
| 686 ## - ИНДЕКСЫ ДРУГИХ КЛАССИФИКАЦИЙ | |
| Индекс | Я431(2)39 |
| 686 ## - ИНДЕКСЫ ДРУГИХ КЛАССИФИКАЦИЙ | |
| Индекс | Ж.я431(2)3 |
| 702 #1 - ИМЯ ЛИЦА - ВТОРИЧНАЯ ОТВЕТСТВЕННОСТЬ | |
| Код отношения | Редактор |
| Материалы, к которым относится поле | rus |
| Графика поля | Кириллица |
| Начальный элемент ввода | Емельянов |
| Часть имени, кроме начального элемента ввода | С. Г. |
| Дополнения к именам, кроме дат | д-р техн. наук |
| Даты | 1964- |
| Расширение инициалов личного имени | Сергей Геннадьевич |
| Идентификатор авторитетной/нормативной записи | RU\NLR\auth\7725018 |
| Системный номер авторитетной/нормативной записи | 8067 |
| 711 02 - НАИМЕНОВАНИЕ ОРГАНИЗАЦИИ - АЛЬТЕРНАТИВНАЯ ОТВЕТСТВЕННОСТЬ | |
| Начальный элемент ввода | Курский государственный технический университет |
| Структурное подразделение | Научно-техническая конференция студентов и аспирантов в области научных исследований |
| Порядковый номер временной организации и / или порядковый номер ее части | 32 |
| Дата проведения временной организации | 2004 |
| Идентификатор авторитетной/нормативной записи | RU\NLR\AUTH\8810061022 |
| Системный номер авторитетной/нормативной записи | 623461 |
| 801 #0 - ИСТОЧНИК ЗАПИСИ | |
| Страна | Российская Федерация |
| Организация | NLR |
| Дата составления | 20050216 |
| Правила каталогизации | PSBO |
| 801 #1 - ИСТОЧНИК ЗАПИСИ | |
| Страна | Российская Федерация |
| Организация | NLR |
| Дата составления | 20050216 |
| 830 ## - ОБЩЕЕ ПРИМЕЧАНИЕ, СОСТАВЛЕННОЕ КАТАЛОГИЗАТОРОМ | |
| Текст примечания | ред. по базе |
| 852 ## - МЕСТОНАХОЖДЕНИЕ И ШИФР ХРАНЕНИЯ | |
| Идентификатор организации | NLR |
| Шифр хранения (Call Number) | 2005-3/1757 |
| 942 ## - ДОПОЛНИТЕЛЬНЫЕ ЭЛЕМЕНТЫ ЗАПИСИ (АБИС) | |
| Тип экземпляра АБИС | Книга |
Нет доступных экземпляров.